[Event "First GM Mix Bassano 2021"]
[Site "Bassano del Grappa"]
[Date "2021.03.20"]
[Round "8.4"]
[White "Niemann, Hans Moke"]
[Black "Kuhn, Clement"]
[Result "1-0"]
[WhiteElo "2526"]
[BlackElo "2278"]
[Annotator "TA"]
[PlyCount "69"]
[EventDate "2021.03.17"]
[EventType "swiss"]
[EventCountry "ITA"]
[SourceTitle "playchess.com"]
[Source "ChessBase"]
[SourceQuality "1"]

{[%evp 13,69,9,28,34,32,27,63,58,60,45,114,79,74,72,174,41,305,69,350,110,202,127,131,135,219,211,283,214,287,237,422,392,660,660,648,425,433,425,945,932,952,819,800,787,1034,884,838,839,2535,2525,2208,2287,29993,2684,29990,29991,29991,29992]} 1. d4 Nf6 2. c4 e6 3. Nf3 b6 4. g3 Bb7 5. Bg2 Be7 6. O-O O-O 7. Re1 c5 8. d5 {E17: Queen's Indian: 4 g3 Bb7 5 Bg2 Be7.} exd5 9. Nh4 Re8 10. Nf5 {White is slightly better.} Bf8 11. Nc3 Qc8 {[#]} (11... d6 $14) 12. cxd5 $146 {aiming for Nb5.} ({Predecessor:} 12. Nb5 Ne4 13. Bxe4 Rxe4 14. Nfd6 Bxd6 15. Nxd6 Qc6 16. Nxe4 dxe4 17. Bf4 Qe6 18. Bxb8 Rxb8 {1-0 (29) Sasikiran,K (2688)-Hassan,A (2398) Guangzhou 2010}) 12... d6 13. e4 Na6 (13... Nbd7 $16) 14. Bg5 ({Better is} 14. Bf4 $1 $18 {[%cal Rf4d6]}) 14... Nd7 $2 {[%mdl 8192]} (14... Nxe4 $1 $14 15. Bxe4 Rxe4 {[%mdl 64] Remove Defender} 16. Rxe4 (16. Nxe4 Qxf5 17. Bf4 Nb4 $11) 16... Qxf5) 15. f4 $2 (15. Nb5 $18) 15... f6 $2 {[%mdl 8192] [#]} (15... c4 $1 $14) 16. Bh4 $2 (16. Bh6 $1 $18 {[%mdl 512] Strongly threatening Bxg7!} gxh6 17. Nb5) 16... Nc7 (16... c4 $16) 17. g4 g6 18. Ne3 h6 (18... b5 $16 {was worth a try.}) 19. a4 $18 a6 20. Bg3 b5 21. h4 Be7 $2 (21... b4) 22. h5 Nf8 $2 (22... g5 23. Nf5 Bf8 24. fxg5 hxg5 25. Bxd6 Re5 26. axb5 Nxb5) 23. hxg6 Nxg6 24. Nf5 {And now g5 would win.} Bf8 25. g5 b4 {[#]} (25... Qd7 $142 26. Qh5 Qf7 27. gxf6 b4) 26. Qh5 $1 {[%mdl 64] Double Attack} Nh8 {[#]} (26... Ne7 27. Nxd6) 27. Bh3 $1 Qd8 28. gxh6 {[%cal Rh6h7]} Re7 29. Nxe7+ Qxe7 {[#]} 30. Bf5 $1 bxc3 (30... Bxh6 31. Qxh6) 31. h7+ Kg7 32. Kf2 {Threatening mate with Bh4!} cxb2 {[#]} 33. Rab1 (33. Bh4 $142 $1 Ne6 (33... bxa1=Q 34. Rxa1) 34. dxe6 bxa1=R 35. Rxa1 Qf7 36. Rg1+ Qg6 37. Rxg6+ Nxg6 38. Qxg6+ {[%mdl 64] Double Attack} Kh8 39. Qg8#) 33... Qf7 34. Qg4+ Ng6 35. Bxg6 {Weighted Error Value: White=0.68/Black=1.31} 1-0

[Event "First GM Mix Bassano 2021"]
[Site "Bassano del Grappa"]
[Date "2021.03.20"]
[Round "8.5"]
[White "Subelj, Jan"]
[Black "Baenziger, Fabian"]
[Result "1-0"]
[WhiteElo "2430"]
[BlackElo "2409"]
[Annotator "NA"]
[PlyCount "50"]
[EventDate "2021.03.17"]
[EventType "swiss"]
[EventCountry "ITA"]
[SourceTitle "playchess.com"]
[Source "ChessBase"]
[SourceQuality "1"]
[TimeControl "5400+30"]

1. e4 {[%emt 0:00:24]} c5 {[%emt 0:00:00]} 2. Nf3 {[%emt 0:00:29]} d6 {[%emt 0:00:00]} 3. Bb5+ {[%emt 0:00:26]} Nd7 {[%emt 0:00:26]} 4. c3 {[%emt 0:00:41]} Ngf6 {[%emt 0:00:20]} 5. Qe2 {[%emt 0:00:16]} a6 {[%emt 0:00:11]} 6. Ba4 {[%emt 0:00:06]} b5 {[%emt 0:00:08]} 7. Bc2 {[%emt 0:00:06]} Bb7 {[%emt 0:00:05]} 8. d4 {[%emt 0:01:46]} e6 {[%emt 0:00:15]} 9. O-O {[%emt 0:00:09]} Be7 {[%emt 0:00:04]} 10. Re1 {[%emt 0:00:18]} O-O {[%emt 0:00:08]} 11. Nbd2 {[%emt 0:00:06]} cxd4 {[%emt 0:00:32]} 12. cxd4 {[%emt 0:00:07]} Qc7 {[%emt 0:00:45]} 13. Nf1 {[%emt 0:01:39]} e5 {[%emt 0:02:16]} 14. Ng3 {[%emt 0:01:59]} exd4 {[%emt 0:02:21]} 15. Nxd4 {[%emt 0:03:59]} Rfe8 {[%emt 0:01:42]} 16. Bf4 {[%emt 0:02:25]} Bf8 {[%emt 0:03:13]} 17. Rac1 {[%emt 0:07:08]} Qb6 {[%emt 0:06:50]} 18. Ndf5 {[%emt 0:02:08]} Rac8 {[%emt 0:07:53]} 19. Qd2 {[%emt 0:07:12]} Ne5 {[%emt 0:01:48]} 20. b3 {[%emt 0:00:25]} Ng6 {[%emt 0:05:45]} 21. Be3 {[%emt 0:14:13]} Qd8 {[%emt 0:00:37]} 22. Bd4 {[%emt 0:00:09]} Re6 {[%emt 0:09:42]} 23. f3 {[%emt 0:05:23]} Qe8 {[%emt 0:05:39]} 24. b4 {[%emt 0:02:04]} Ne5 {[%emt 0:07:54]} 25. Bb3 {[%emt 0:01:47]} Rxc1 {[%emt 0:02:52]} 1-0

[Event "First GM Mix Bassano 2021"]
[Site "Bassano del Grappa"]
[Date "2021.03.21"]
[Round "9.1"]
[White "Gregoric, Andraz"]
[Black "Bernadskiy, Vitaliy"]
[Result "0-1"]
[WhiteElo "2114"]
[BlackElo "2599"]
[Annotator "TA"]
[PlyCount "74"]
[EventDate "2021.03.17"]
[EventType "swiss"]
[EventCountry "ITA"]
[SourceTitle "playchess.com"]
[Source "ChessBase"]
[SourceQuality "1"]

{[%evp 21,74,30,33,29,36,22,24,12,35,9,9,6,168,169,148,166,161,162,196,210,209,195,216,119,120,120,199,117,113,110,131,99,102,10,120,102,99,85,101,86,64,81,66,76,79,68,72,0,8,0,0,-1225,-1225,-932,-931]} 1. e4 c6 2. d4 d5 3. exd5 cxd5 4. Bf4 Nc6 5. c3 Nf6 6. Bd3 Bg4 7. Qb3 Qc8 8. Nd2 e6 9. h3 Bh5 10. Ngf3 Be7 11. O-O O-O 12. Rfe1 {B13: Caro-Kann: Exchange Variation and Panov-Botvinnik Attack.} Nd7 $5 {[%mdl 4] [#] Exploring less charted territory.} 13. Re3 $146 ({Predecessor:} 13. a4 Bg6 14. Bxg6 hxg6 15. Rac1 Nb6 16. Qa2 Qd7 17. b3 Bd6 18. Ne5 Nxe5 19. Bxe5 Rac8 {0-1 (49) Proschmann,T-Kachiani Gersinska,K (2427) Bad Wiessee 1999}) 13... a6 14. Rae1 {White has an edge.} b5 15. Qd1 Qd8 16. Qe2 Bg6 $2 (16... Nb6 $11) 17. Bxg6 $1 $18 hxg6 {[#]} 18. Rxe6 $1 {[%mdl 512]} fxe6 19. Qxe6+ Kh8 {Hoping for ...Qc8.} 20. Qxc6 {And now Bc7 would win.} Rc8 21. Qxa6 {Black must now prevent Bg3.} ({Much less strong is} 21. Qe6 $6 Rxf4 22. Qxe7 Qxe7 $16) 21... b4 22. Ne5 Nxe5 $16 23. Bxe5 Bf6 (23... Kh7 $16) 24. Qd3 (24. cxb4 $18 {Nf3 is the strong threat.} Ra8 25. Qd3) 24... bxc3 25. bxc3 Kh7 26. Nf3 Qd7 27. Rb1 (27. a3 $16) 27... Ra8 (27... Qf5 $11 28. Qxf5 gxf5) 28. Qd2 Ra7 29. Rb6 Qf5 30. Bd6 Rfa8 31. a3 Ra6 32. Rxa6 Rxa6 33. Bc5 Re6 34. Ne5 ({White should try} 34. Qd1 $16) 34... Bg5 35. Qe2 Bf4 36. h4 $2 {[%mdl 8192]} (36. g4 $11 Qf6 37. a4) 36... Qb1+ $19 37. Qf1 {[#]} Bh2+ $1 {[%mdl 512] Weighted Error Value: White=0.44/Black=0.25} 0-1

[Event "First GM Mix Bassano 2021"]
[Site "Bassano del Grappa"]
[Date "2021.03.21"]
[Round "9.2"]
[White "Plat, Vojta"]
[Black "Baliuniene, Margarita"]
[Result "1-0"]
[WhiteElo "2555"]
[BlackElo "1886"]
[Annotator "TA"]
[PlyCount "55"]
[EventDate "2021.03.17"]
[EventType "swiss"]
[EventCountry "ITA"]
[SourceTitle "playchess.com"]
[Source "ChessBase"]
[SourceQuality "1"]

{[%evp 15,55,41,61,28,75,72,83,90,118,113,113,99,108,95,141,85,95,97,100,65,135,112,116,109,102,68,71,57,128,115,287,293,346,345,337,339,534,616,612,546,506,394]} 1. e4 c5 2. Nf3 Nc6 3. c3 g6 4. d4 cxd4 5. cxd4 Bg7 6. Nc3 d6 7. h3 $1 {7.h3 scores better than 7.Be3.} Nf6 8. Be3 O-O 9. Qd2 {B22: Sicilian: 2 c3.} Qa5 10. d5 $5 {[%mdl 4] Leaves trodden paths.} Ne5 11. Nd4 {[#] White is better.} a6 $146 ({Predecessor:} 11... Rd8 12. Be2 e6 13. f4 Nxe4 14. Nxe4 Qxd5 15. Nc3 Qxg2 16. O-O-O Qg3 17. Rdg1 Qh4 18. fxe5 dxe5 19. Bg5 {1-0 (19) Vavpetic,V (2246)-Kavcic,U (2222) Bled 2000}) 12. f4 Ned7 13. Be2 Nc5 14. Bf3 e5 15. fxe5 (15. dxe6 $142 {Threatens to win with e5.} Bxe6 16. Rb1) 15... dxe5 $16 16. Nc2 {b4 is the strong threat.} Ncd7 17. O-O b5 (17... Ne8 $14) 18. a3 Bb7 19. Nb4 Rac8 20. Rac1 Nb6 21. b3 $36 {[%mdl 2048] White is more active.} Nbd7 ({Black should play} 21... Qxa3 $14 22. Nb1 (22. Bxb6 Qxb4 23. Nb1 Qxb3 $17) 22... Qa5) 22. Nb1 Rfd8 $2 {[#] This move loses the game for Black.} (22... Rxc1 $16 23. Rxc1 Kh8) 23. Qf2 $1 $18 Bf8 24. Nc6 Bxc6 25. dxc6 Bxa3 (25... Qc7 $142 26. cxd7 Qxd7) 26. Nxa3 {White is clearly winning.} ({Weaker is} 26. cxd7 Rxc1 27. Bxc1 Bxc1 $18) 26... Qxa3 27. cxd7 Rxc1 28. Bxc1 {Weighted Error Value: White=0.14/Black=0.39} 1-0

[Event "First GM Mix Bassano 2021"]
[Site "Bassano del Grappa"]
[Date "2021.03.21"]
[Round "9.3"]
[White "Marasa, Giuseppe"]
[Black "Basso, Pier Luigi"]
[Result "0-1"]
[WhiteElo "1952"]
[BlackElo "2521"]
[Annotator "RC"]
[PlyCount "114"]
[EventDate "2021.03.17"]
[EventType "swiss"]
[EventCountry "ITA"]
[SourceTitle "playchess.com"]
[Source "ChessBase"]
[SourceQuality "1"]
[TimeControl "5400+30"]

1. d4 {[%emt 0:00:00]} g6 {[%emt 0:09:25]} 2. e4 {[%emt 0:00:51]} Bg7 {[%emt 0:00:10]} 3. Nc3 {[%emt 0:01:31]} d5 {[%emt 0:01:23]} 4. exd5 {[%emt 0:10:09]} Nf6 {[%emt 0:00:17]} 5. Nf3 {[%emt 0:04:11]} Nxd5 {[%emt 0:03:06]} 6. Nxd5 {[%emt 0:04:02]} Qxd5 {[%emt 0:00:16]} 7. c3 {[%emt 0:02:27]} O-O {[%emt 0:01:16]} 8. Be2 {[%emt 0:04:17]} c5 {[%emt 0:01:27]} 9. dxc5 {[%emt 0:02:15]} Qxc5 {[%emt 0:00:10]} 10. Be3 {[%emt 0:01:07]} Qc7 {[%emt 0:00:05]} 11. O-O {[%emt 0:03:10]} Nc6 {[%emt 0:00:14]} 12. Qa4 {[%emt 0:02:40]} e5 {[%emt 0:02:19]} 13. Qh4 {[%emt 0:06:10]} Ne7 {[%emt 0:02:20]} 14. Qc4 {[%emt 0:12:00]} Nc6 {[%emt 0:06:37]} 15. Qh4 {[%emt 0:02:05]} f6 {[%emt 0:00:36]} 16. Qc4+ {[%emt 0:05:33]} Qf7 {[%emt 0:01:46]} 17. Qxf7+ {[%emt 0:04:50]} Kxf7 {[%emt 0:00:11]} 18. Bc4+ {[%emt 0:00:27]} Be6 {[%emt 0:00:04]} 19. Bxe6+ {[%emt 0:00:20]} Kxe6 {[%emt 0:00:02]} 20. Rad1 {[%emt 0:00:38]} Rfd8 {[%emt 0:00:38]} 21. Rfe1 {[%emt 0:00:54]} Bf8 {[%emt 0:01:48]} 22. Kf1 {[%emt 0:04:33]} b5 {[%emt 0:00:15]} 23. Ke2 {[%emt 0:01:58]} a5 {[%emt 0:01:02]} 24. Rxd8 {[%emt 0:02:26]} Rxd8 {[%emt 0:00:06]} 25. Rd1 {[%emt 0:00:41]} Rb8 {[%emt 0:00:23]} 26. Nd2 {[%emt 0:03:04]} f5 {[%emt 0:02:41]} 27. f3 {[%emt 0:03:42]} a4 {[%emt 0:04:15]} 28. Kd3 {[%emt 0:04:29]} Ne7 {[%emt 0:01:20]} 29. Bc5 {[%emt 0:02:12]} Nd5 {[%emt 0:00:49]} 30. Bxf8 {[%emt 0:00:19]} Rxf8 {[%emt 0:00:08]} 31. g3 {[%emt 0:01:32]} Rd8 {[%emt 0:00:29]} 32. Ra1 {[%emt 0:05:14]} h5 {[%emt 0:02:03]} 33. c4 {[%emt 0:02:22]} bxc4+ {[%emt 0:04:20]} 34. Nxc4 {[%emt 0:01:05]} Nb6+ {[%emt 0:01:09]} 35. Kc3 {[%emt 0:00:07]} Nxc4 {[%emt 0:00:09]} 36. Kxc4 {[%emt 0:00:10]} Rd2 {[%emt 0:00:04]} 37. b4 {[%emt 0:00:45]} axb3 {[%emt 0:02:33]} 38. axb3 {[%emt 0:00:02]} Rc2+ {[%emt 0:00:10]} 39. Kb5 {[%emt 0:00:20]} Rxh2 {[%emt 0:01:08]} 40. b4 {[%emt 0:02:43]} f4 {[%emt 0:00:59]} 41. gxf4 {[%emt 0:01:37]} exf4 {[%emt 0:00:03]} 42. Kc5 {[%emt 0:00:38]} Rf2 {[%emt 0:06:57]} 43. b5 {[%emt 0:00:49]} Rxf3 {[%emt 0:00:53]} 44. Kc4 {[%emt 0:00:43]} Kd7 {[%emt 0:00:34]} 45. Ra7+ {[%emt 0:00:43]} Kc8 {[%emt 0:00:02]} 46. Rg7 {[%emt 0:00:11]} Rg3 {[%emt 0:00:20]} 47. Kc5 {[%emt 0:00:27]} Rg1 {[%emt 0:04:04]} 48. Kc6 {[%emt 0:00:28]} Rc1+ {[%emt 0:00:07]} 49. Kd5 {[%emt 0:00:52]} f3 {[%emt 0:00:08]} 50. Rf7 {[%emt 0:00:31]} Rc3 {[%emt 0:00:56]} 51. Ke4 {[%emt 0:00:31]} g5 {[%emt 0:00:13]} 52. Rf5 {[%emt 0:00:17]} g4 {[%emt 0:00:26]} 53. Rxh5 {[%emt 0:00:47]} f2 {[%emt 0:00:13]} 54. Rh8+ {[%emt 0:01:05]} Kb7 {[%emt 0:00:11]} 55. Rh7+ {[%emt 0:00:00]} Kb6 {[%emt 0:00:10]} 56. Rh6+ {[%emt 0:00:27]} Kxb5 {[%emt 0:00:07]} 57. Rh1 {[%emt 0:00:03]} g3 {[%emt 0:00:30]} 0-1

[Event "First GM Mix Bassano 2021"]
[Site "Bassano del Grappa"]
[Date "2021.03.21"]
[Round "9.4"]
[White "Checa, Nicolas"]
[Black "Zlatanovic, Marcus"]
[Result "*"]
[WhiteElo "2546"]
[BlackElo "1687"]
[Annotator "TA"]
[PlyCount "22"]
[EventDate "2021.03.17"]
[EventType "swiss"]
[EventCountry "ITA"]
[SourceTitle "playchess.com"]
[Source "ChessBase"]
[SourceQuality "1"]

{[%evp 15,22,19,20,10,54,48,54,41,56]} 1. c4 Nf6 2. Nc3 d5 3. cxd5 Nxd5 4. g3 g6 5. Bg2 Nxc3 6. bxc3 Bg7 7. Nf3 O-O 8. O-O Nc6 9. Qc2 {[#] A16: English Opening: 1...Nf6 with ...d5.} Ne5 $146 ({Predecessor:} 9... b6 10. Bb2 Bb7 11. c4 Bxb2 12. Qxb2 Na5 13. c5 Qd5 14. Rac1 bxc5 15. Qc3 c4 16. Rb1 Rad8 {½-½ (69) Malakhov,V (2690)-Ni,H (2607) Ergun 2006}) 10. Nxe5 Bxe5 11. Rb1 c6 {Black got outplayed after the opening.  Weighted Error Value: White=0.08/Black=0.21} *

[Event "First GM Mix Bassano 2021"]
[Site "Bassano del Grappa"]
[Date "2021.03.21"]
[Round "9.5"]
[White "Frick, Cristopher"]
[Black "Grimaldi, Angela Flavia"]
[Result "0-1"]
[WhiteElo "2051"]
[BlackElo "2067"]
[Annotator "NA"]
[PlyCount "43"]
[EventDate "2021.03.17"]
[EventType "swiss"]
[EventCountry "ITA"]
[SourceTitle "playchess.com"]
[Source "ChessBase"]
[SourceQuality "1"]
[TimeControl "5400+30"]

1. e4 {[%emt 0:01:06]} d6 {[%emt 0:00:57]} 2. d4 {[%emt 0:00:06]} Nf6 {[%emt 0:00:18]} 3. Nc3 {[%emt 0:00:05]} e5 {[%emt 0:00:09]} 4. Nf3 {[%emt 0:00:04]} Nbd7 {[%emt 0:00:07]} 5. Rg1 {[%emt 0:00:07]} Be7 {[%emt 0:01:50]} 6. g4 {[%emt 0:00:16]} O-O {[%emt 0:00:06]} 7. g5 {[%emt 0:00:06]} Nh5 {[%emt 0:02:03]} 8. Nh4 {[%emt 0:00:57]} g6 {[%emt 0:07:42]} 9. Nf5 {[%emt 0:00:17]} Nb6 {[%emt 0:02:26]} 10. Be2 {[%emt 0:02:41]} Ng7 {[%emt 0:01:17]} 11. Nxg7 {[%emt 0:05:08]} Kxg7 {[%emt 0:00:15]} 12. Be3 {[%emt 0:00:03]} f5 {[%emt 0:00:36]} 13. gxf6+ {[%emt 0:00:50]} Bxf6 {[%emt 0:00:07]} 14. d5 {[%emt 0:00:16]} c6 {[%emt 0:00:49]} 15. Qd2 {[%emt 0:00:36]} Kh8 {[%emt 0:00:11]} 16. O-O-O {[%emt 0:00:50]} cxd5 {[%emt 0:07:13]} 17. Nxd5 {[%emt 0:02:03]} Nxd5 {[%emt 0:03:35]} 18. Qxd5 {[%emt 0:00:08]} Be7 {[%emt 0:00:04]} 19. Bc4 {[%emt 0:03:31]} Qe8 {[%emt 0:07:17]} 20. f4 {[%emt 0:02:37]} Bd7 {[%emt 0:03:20]} 21. f5 {[%emt 0:02:18]} Bc6 {[%emt 0:02:06]} 22. Qd3 {[%emt 0:06:09]} 0-1